Zapadákov /

Další autoři: Kobělka, Jiří, 1970-, Marková, Michala, 1974-, Zbořil, Jiří, Kušiaková Pafková, Hana, 1970-, Deaver, Jeffery, 1950-, Ware, Ruth., Lovesey, Peter, 1936-, Robinson, Lee, 1948-
Jazyk: Čeština
Vydáno: Praha : Tarsago Česká republika, 2016
Vydání: Vydání první
Edice: Nejlepší světové čtení (Tarsago Česká republika)
Reader's Digest
Témata:
Fyzický popis: 574 stran : ilustrace, portréty ; 21 cm
Knihy
Uloženo v:
LEADER 02720nam a2200637 i 4500
001 nkc20162858877
003 CZ PrNK
005 20260504121332.0
007 ta
008 161130s2016 xr ac g 000 f cze
015 |a cnb002858877 
020 |a 978-80-7406-336-7  |q (brožováno) 
035 |a (OCoLC)970630239 
035 |a (OCoLC)972576882 
040 |a BOA001  |b cze  |d ABA001  |e rda 
041 1 |a cze  |h eng 
072 7 |a 821.111-3  |x Anglická próza, anglicky psaná  |2 Konspekt  |9 25 
080 |a 821.111-31  |2 MRF 
080 |a (0:82-312.4)  |2 MRF 
080 |a (082.21)  |2 MRF 
245 0 0 |a Zapadákov /  |c Jeffery Deaver ; z anglického originálu Solitude creek ... přeložil Jiří Kobělka. Všude kolem černý les / Ruth Wareová ; z anglického originálu In a dark, dark wood ... přeložila Michala Marková. Dolů k mrtvým / Peter Lovesey ; z anglického překladu Down amond the dead men ... přeložil Jiří Zbořil. Psí advokátka / Lee Robinsonová ; z anglického originálu Lawyer for the dog ... přeložila Hana Kušiaková Pafková 
250 |a Vydání první 
264 1 |a Praha :  |b Tarsago Česká republika,  |c 2016 
300 |a 574 stran :  |b ilustrace, portréty ;  |c 21 cm 
336 |a text  |b txt  |2 rdacontent 
337 |a bez média  |b n  |2 rdamedia 
338 |a svazek  |b nc  |2 rdacarrier 
490 1 |a Nejlepší světové čtení 
490 1 |a Reader's Digest 
500 |a Název z obálky 
655 7 |a anglicky psané romány  |7 fd131805  |2 czenas 
655 7 |a detektivní romány  |7 fd132010  |2 czenas 
655 7 |a thrillery (romány)  |7 fd184206  |2 czenas 
655 7 |a výbory  |7 fd133853  |2 czenas 
655 9 |a fiction in English  |2 eczenas 
655 9 |a detective novels  |2 eczenas 
655 9 |a thrillers (novels)  |2 eczenas 
655 9 |a selected works  |2 eczenas 
700 1 |a Kobělka, Jiří,  |d 1970-  |7 jn20001103551  |4 trl 
700 1 |a Marková, Michala,  |d 1974-  |7 mzk2005274842  |4 trl 
700 1 |a Zbořil, Jiří  |7 pag2008454837  |4 trl 
700 1 |a Kušiaková Pafková, Hana,  |d 1970-  |7 xx0042570  |4 trl 
700 1 2 |a Deaver, Jeffery,  |d 1950-  |t Solitude creek.  |l Česky 
700 1 2 |a Ware, Ruth.  |t In a dark, dark wood.  |l Česky 
700 1 2 |a Lovesey, Peter,  |d 1936-  |t Down amond the dead men.  |l Česky 
700 1 2 |a Robinson, Lee,  |d 1948-  |t Lawyer for the dog.  |l Česky 
740 0 2 |a Všude kolem černý les 
740 0 2 |a Dolů k mrtvým 
740 0 2 |a Psí advokátka 
830 0 |a Nejlepší světové čtení (Tarsago Česká republika)  |0 s 
830 0 |a Reader's Digest  |0 s 
910 2 |a BOA001  |b 2-1377.851 
990 |a BK 
995 |a 01 
991 |b 201612  |c NOV 
996 6 |b 2610689748  |c 2-1377.851  |l MZK  |r Sklad / do 1 hodiny  |n 0  |p p.v.  |w 001590569  |u 000010  |a 1  |e BOA001  |j MZK50  |s P